Представление документа в формате RUSMARC

ПолеНазваниеЗначение
  Тип записи a
  Библиографический уровень m
001 Контрольный номер RU/REG73/CBS_GRAD/900960cc4a924d02b234dd2b115a1fb3
005 Дата корректировки 20221214094024.2
010 Индекс ISBN __
a ISBN 978-5-04-120218-7
101 Язык документа 0_
a Язык текста rus
200 Заглавие и сведения об ответственности 1_
a Заглавие Съешь лимон. Счастливый ЗОЖ
f Первые сведения об ответственности Наталия Экономцева
b Общее обозначение материала Текст
203 Вид содержания и тип средства __
a Вид содержания Текст (визуальный) : непосредственный
210 Выходные данные 1_
a Место издания Москва
c Издательство Эксмо
d Дата издания 2021
215 Физическое описание __
a Объем 272 с.
225 Серия 2_
a Серия Вкусно и не грустно. Книги, которые приведут в порядок тело и голову
225 Серия 2_
a Серия Исторические детективы Николая Свечина
686 Индексы других классификаций __
a Классификационный индекс 51.204.0
700 Автор _1
a Фамилия Экономцева
g Полное личное имя Наталия
801 Источник записи _0
a Страна RU
b Организация RuCBSGrad
g Правила каталогизации PSBO
801 Источник записи _1
a Страна RU
b Организация RuCBSGrad
g Правила каталогизации PSBO
901 Тип документа __
t Тип документа m